[Event "Offene Hessische Senioren Einzelmeisters"]
[Site "Bad Sooden- Allendorf"]
[Date "2011.05.08"]
[Round "9.63"]
[White "Schmieder, Wolfgang"]
[Black "Schneider, Miloca"]
[Result "1/2-1/2"]
[WhiteElo "1868"]
[BlackElo "1946"]
[PlyCount "62"]
[EventDate "2011.??.??"]

1. c4 Nf6 2. Nc3 e6 3. d4 d5 4. c5 c6 5. Nf3 Nbd7 6. Qc2 Qc7 7. e4 $11 dxe4 8.
Nxe4 Nxe4 9. Qxe4 Nf6 10. Qc2 a5 11. g3 Nd5 12. a3 h6 13. Bg2 Be7 14. O-O Bf6
15. Re1 O-O 16. Ne5 Rd8 17. b3 Bxe5 18. dxe5 b6 19. cxb6 Qxb6 20. Bb2 Bb7 21.
Red1 c5 22. Rac1 Rac8 23. Rd2 Rd7 24. Rcd1 Rcd8 25. Kh1 Rc8 26. Kg1 Rdc7 27.
Bf1 Rd8 28. Qc4 Re8 29. Qc2 g6 30. Bd3 Ne7 31. Be4 Nd5 1/2-1/2

[Event "Offene Hessische Senioren Einzelmeisters"]
[Site "Bad Sooden- Allendorf"]
[Date "2011.05.08"]
[Round "9.64"]
[White "Josting, Friedel"]
[Black "Meyer, Walter"]
[Result "1-0"]
[WhiteElo "2023"]
[BlackElo "1889"]
[PlyCount "93"]
[EventDate "2011.??.??"]

1. c4 c5 2. Nc3 Nc6 3. g3 g6 4. Bg2 Bg7 5. e3 Nf6 6. Nge2 O-O 7. O-O d6 8. d4
Bd7 9. b3 Qc8 10. Bb2 Bh3 11. Nf4 Bxg2 12. Kxg2 cxd4 13. exd4 Nd7 14. Ncd5 e6
15. Ne3 Nf6 16. Qe2 Re8 17. Rad1 Qc7 18. Qc2 Ne7 19. Qd2 d5 20. Rc1 dxc4 21.
Rxc4 Qd7 22. Nd3 Nfd5 23. Rfc1 Nxe3+ 24. Qxe3 Rac8 25. Nc5 Qd5+ 26. Qf3 b6 27.
Ne4 Rxc4 28. bxc4 Qa8 29. Kf1 f5 30. Ng5 Qxf3 31. Nxf3 Nc6 32. Rd1 h6 33. Ne5
Bxe5 34. dxe5 Rd8 35. Rd6 Rxd6 36. exd6 Kf7 37. Ba3 Ke8 38. c5 bxc5 39. Bxc5
Kd7 40. f4 a6 41. Ke2 Nd8 42. Kd3 Nb7 43. Kd4 Nxd6 44. a4 g5 45. Ke5 g4 46.
Bxd6 h5 47. a5 1-0

[Event "Offene Hessische Senioren Einzelmeisters"]
[Site "Bad Sooden- Allendorf"]
[Date "2011.05.08"]
[Round "9.65"]
[White "Schmitthöfer, Herbert"]
[Black "Alvarez, Luis"]
[Result "1-0"]
[WhiteElo "1914"]
[BlackElo "1869"]
[PlyCount "103"]
[EventDate "2011.??.??"]

1. d4 d5 2. c4 e6 3. Nc3 Nf6 4. Bg5 Be7 5. e3 O-O 6. Nf3 Nbd7 7. Rc1 c6 8. cxd5
exd5 9. Bd3 Re8 10. Ne5 Nxe5 11. dxe5 Nd7 12. Bf4 Nf8 13. O-O Be6 14. Ne2 Qd7
15. Nd4 Bg4 16. Qb3 c5 17. Bb5 Qd8 18. Bxe8 cxd4 19. Bb5 dxe3 20. Bxe3 Be6 21.
Bd4 a6 22. Be2 b5 23. Qc3 Ng6 24. f4 Bf5 25. Qc7 Qe8 26. g4 Rc8 27. Qb7 Rxc1
28. Rxc1 Nxf4 29. Bf3 Be6 30. Qxa6 h6 31. Qc6 Bd7 32. Qb7 Bh4 33. Qb6 Bd8 $11
34. Qb8 Kh7 35. Be3 Nd3 36. Rf1 Nxe5 37. Bxd5 Nxg4 38. Bd4 f6 39. Qf4 f5 40.
Bb3 Qg6 $11 41. Qg3 Bh4 42. Qxh4 Ne3+ 43. Qg3 Nxf1 44. Qxg6+ Kxg6 45. Kxf1 Kh7
46. Bc2 g5 47. b4 Kg6 48. Kf2 Be6 49. a3 h5 50. Bd3 Bd7 51. Kg3 Bc6 52. h4 1-0

[Event "Offene Hessische Senioren Einzelmeisters"]
[Site "Bad Sooden- Allendorf"]
[Date "2011.05.08"]
[Round "9.66"]
[White "Knaak, Hans"]
[Black "Aepfler, Gerhard"]
[Result "0-1"]
[WhiteElo "1768"]
[BlackElo "2003"]
[PlyCount "90"]
[EventDate "2011.??.??"]

1. d4 d5 2. c4 e5 3. dxe5 d4 4. Nf3 Nc6 5. Nbd2 Bb4 6. a3 Bxd2+ 7. Qxd2 f6 8.
exf6 Nxf6 9. Qd3 Bg4 10. Bg5 O-O 11. O-O-O Bxf3 12. exf3 a5 13. Qb3 Qd7 14. Bd3
a4 15. Qc2 h6 16. Bh4 Na5 17. Rhe1 Nb3+ 18. Kb1 Rae8 19. Bxf6 Rxf6 20. Be4 c6
21. g4 Rd8 22. h4 Nc5 23. g5 Rd6 24. gxh6 Rxh6 25. Bf5 Qd6 26. Rg1 Qf6 27. Be4
Qxh4 28. Rg4 Qf6 29. Rdg1 Rd7 30. Rg5 d3 31. Qd2 Nb3 32. Qe3 d2 33. Bc2 Re7 34.
Be4 Qd6 35. Rd1 Rh1 36. Qe2 Rxd1+ 37. Qxd1 Qh2 38. Kc2 Qxf2 39. Rg1 Rd7 40. Rf1
Qc5 41. Bd3 Nc1 42. Bh7+ Kxh7 43. Rh1+ Kg8 44. Kb1 Qxc4 45. Rh2 Qa2+ 0-1

[Event "Offene Hessische Senioren Einzelmeisters"]
[Site "Bad Sooden- Allendorf"]
[Date "2011.05.08"]
[Round "9.67"]
[White "Preiß, Lore"]
[Black "Didzuhn, Dr. Werner"]
[Result "0-1"]
[WhiteElo "1473"]
[BlackElo "1930"]
[PlyCount "76"]
[EventDate "2011.??.??"]

1. d4 e6 2. c4 f5 3. Nf3 Nf6 4. Bf4 b6 5. Nc3 Bb4 6. e3 O-O 7. Be2 Ne4 8. Qc2
Bb7 9. a3 Bxc3+ 10. bxc3 d6 11. h3 Nd7 12. O-O g5 13. Bh2 Rf7 14. Ne1 Rg7 15.
f3 Nef6 16. g4 Qe7 17. Kf2 Rf8 18. gxf5 exf5 19. Ng2 g4 20. h4 gxf3 21. Bxf3
Ng4+ 22. Bxg4 fxg4+ 23. Nf4 Be4 24. Qa2 c5 25. Bg3 Bd3 26. Rfe1 Qf7 27. Qd2
Bxc4 28. Kg2 d5 29. Rab1 Qf5 30. Rb2 Nf6 31. Qc2 Ne4 32. dxc5 bxc5 33. a4 Re7
34. a5 Nxg3 35. Kxg3 Rxe3+ 36. Rxe3 Qxf4+ 37. Kg2 Qxe3 38. Rb7 Qh3+ 0-1

[Event "Offene Hessische Senioren Einzelmeisters"]
[Site "Bad Sooden- Allendorf"]
[Date "2011.05.08"]
[Round "9.68"]
[White "Samarian, Cornel"]
[Black "Fromme, Werner"]
[Result "0-1"]
[WhiteElo "1757"]
[BlackElo "1935"]
[PlyCount "93"]
[EventDate "2011.??.??"]

1. d4 Nf6 2. Nf3 e6 3. c4 h6 4. h3 b6 5. Nc3 Bb7 6. Bf4 Bb4 7. a3 Bxc3+ 8. bxc3
d6 9. e3 Nbd7 10. Be2 O-O 11. O-O Qe7 12. Qc2 Be4 13. Bd3 Bxd3 14. Qxd3 Rfd8
15. Qc2 e5 16. dxe5 dxe5 17. Bh2 Re8 18. e4 Qc5 19. Nd2 Nf8 20. Rfe1 g5 21. Re3
Ng6 22. g3 Rad8 23. Rd3 Rd6 24. Rxd6 Qxd6 25. Kg2 Rd8 26. Nf1 Qc6 27. Nd2 Ne8
28. f3 Nd6 29. Qb3 Nb7 30. Rd1 Rd3 31. Nb1 Qd7 32. Re1 a5 33. Bg1 Nf8 34. c5 a4
35. Qb2 b5 36. c4 Qe6 37. Qxb5 Rb3 38. Qxa4 Rb2+ 39. Bf2 Nxc5 40. Qd1 Qxc4 41.
Kg1 Nd3 42. Rf1 Rc2 43. Be3 Ne6 44. Kh1 Nd4 45. Bd2 Qa2 46. Kg1 c5 47. f4 {
weitere 12 Züge nicht rekonstruierbar} 0-1

[Event "Offene Hessische Senioren Einzelmeisters"]
[Site "Bad Sooden- Allendorf"]
[Date "2011.05.08"]
[Round "9.69"]
[White "Jobski, Werner"]
[Black "Brandt, Fred"]
[Result "0-1"]
[WhiteElo "1860"]
[BlackElo "1873"]
[PlyCount "60"]
[EventDate "2011.??.??"]

1. e4 e5 2. Nf3 Nf6 3. Nc3 Bb4 4. Nd5 Nxd5 5. exd5 O-O 6. Be2 Qf6 7. c3 Ba5 8.
d3 d6 9. Bg5 Qg6 10. O-O h6 11. Be3 f5 12. Qa4 f4 13. Nh4 Qf6 14. Qxa5 Qxh4 15.
Bd2 Qe7 16. Bf3 b6 17. Qa4 Bb7 18. Rae1 Qf7 19. c4 Nd7 20. Qc2 g5 21. Bg4 Qh7
22. Bf3 Nf6 23. Be4 Nxe4 24. dxe4 Bc8 25. Qc3 f3 26. Re3 fxg2 27. Kxg2 Bg4 28.
Qd3 Rf6 29. Rg3 Bd7 30. f4 exf4 0-1

[Event "Offene Hessische Senioren Einzelmeisters"]
[Site "Bad Sooden- Allendorf"]
[Date "2011.05.08"]
[Round "9.70"]
[White "Schütze, Manfred"]
[Black "Bill, Eugen"]
[Result "0-1"]
[WhiteElo "1913"]
[BlackElo "1873"]
[PlyCount "45"]
[EventDate "2011.??.??"]

1. e4 e5 2. Nf3 Nc6 3. Bb5 a6 4. Ba4 b5 5. Bb3 Bc5 6. O-O d6 7. c3 Bg4 8. d3
Nf6 9. Bg5 h6 10. Bxf6 Qxf6 11. Bd5 Kd7 12. Bxc6+ Kxc6 13. Nxe5+ Qxe5 14. Qxg4
h5 15. Qe2 g5 16. Na3 g4 17. Nc2 Rad8 18. Ne3 Qg5 19. Kh1 Kb7 20. b4 Ba7 21. a4
c6 22. axb5 cxb5 23. Ra3 {weitere 27 Züge nicht zu rekonstruieren} 0-1

[Event "Offene Hessische Senioren Einzelmeisters"]
[Site "Bad Sooden- Allendorf"]
[Date "2011.05.08"]
[Round "9.71"]
[White "Willms, Willi"]
[Black "Preiß, Gerhard"]
[Result "1/2-1/2"]
[WhiteElo "1939"]
[BlackElo "1799"]
[PlyCount "54"]
[EventDate "2011.??.??"]

1. e4 e6 2. d4 d5 3. Nd2 Nf6 4. e5 Nfd7 5. Ndf3 c5 6. c3 Nc6 7. Ne2 Qb6 8. Rb1
cxd4 9. cxd4 Be7 10. a3 O-O 11. Nc3 f6 12. exf6 Nxf6 13. Bd3 a6 14. h3 Bd7 15.
O-O Rae8 16. Be3 Bd6 17. Ne5 Qc7 18. f4 Re7 19. Qc2 Be8 20. Rf2 g6 21. g4 Bxe5
22. fxe5 Nd7 23. Rbf1 Rxf2 24. Rxf2 Qb6 25. Na4 Qa7 26. Qc3 Ndxe5 27. Bf1 Nd7
1/2-1/2

[Event "Offene Hessische Senioren Einzelmeisters"]
[Site "Bad Sooden- Allendorf"]
[Date "2011.05.08"]
[Round "9.72"]
[White "Janzen, Christian"]
[Black "Kleist, Werner"]
[Result "0-1"]
[WhiteElo "1759"]
[BlackElo "1900"]
[PlyCount "60"]
[EventDate "2011.??.??"]

1. e4 d5 2. exd5 Qxd5 3. Qf3 Qxf3 4. Nxf3 Nf6 5. d4 Nc6 6. Bb5 Bd7 7. O-O a6 8.
Bxc6 Bxc6 9. Ne5 Be4 10. c3 e6 11. Nd2 Bf5 12. Nb3 Bd6 13. Re1 O-O 14. Bg5 Ne4
15. Bh4 g5 16. Rxe4 Bxe4 17. Bxg5 f6 18. Bh6 fxe5 19. Bxf8 Rxf8 20. dxe5 Be7
21. g3 c5 22. f4 c4 23. Nd4 Bc5 24. Kf2 Kf7 25. Ke3 Bd5 26. Rd1 b5 27. a3 a5
28. Ra1 b4 29. axb4 axb4 30. Ra4 Ra8 0-1

[Event "Offene Hessische Senioren Einzelmeisters"]
[Site "Bad Sooden- Allendorf"]
[Date "2011.05.08"]
[Round "9.73"]
[White "Klüver, Horst"]
[Black "Maczollek, Helmut"]
[Result "1-0"]
[WhiteElo "1902"]
[BlackElo "1685"]
[PlyCount "47"]
[EventDate "2011.??.??"]

1. e4 d6 2. d4 Nf6 3. Bd3 c6 4. Ne2 Nbd7 5. O-O e5 6. c3 Be7 7. Ng3 g6 8. f4
exd4 9. cxd4 Qb6 10. Bc2 Qc7 11. Nc3 a6 12. Kh1 b5 13. a3 O-O 14. f5 Bb7 15.
Bf4 Qd8 16. e5 dxe5 17. dxe5 Nd5 18. Nxd5 cxd5 19. b4 Bg5 20. Qg4 Bxf4 21. Qxf4
Qe7 22. Rae1 Rac8 23. f6 Qe8 24. Qh6 1-0

[Event "Offene Hessische Senioren Einzelmeisters"]
[Site "Bad Sooden- Allendorf"]
[Date "2011.05.08"]
[Round "9.74"]
[White "Pastowski, Werner"]
[Black "Krüger, Bernhard"]
[Result "1/2-1/2"]
[WhiteElo "1804"]
[BlackElo "1789"]
[PlyCount "23"]
[EventDate "2011.??.??"]

1. c4 Nf6 2. Nc3 e6 3. Nf3 b6 4. d4 d5 5. e3 Bb7 6. Be2 Bd6 7. Bd2 a6 8. cxd5
exd5 9. O-O Nbd7 10. Rc1 O-O 11. Bd3 c5 12. Ne2 1/2-1/2

[Event "Offene Hessische Senioren Einzelmeisters"]
[Site "Bad Sooden- Allendorf"]
[Date "2011.05.08"]
[Round "9.76"]
[White "Dinius, Helmut"]
[Black "Strozewski, Günter"]
[Result "1/2-1/2"]
[WhiteElo "1774"]
[BlackElo "1865"]
[PlyCount "107"]
[EventDate "2011.??.??"]

1. e4 e5 2. Nc3 Nf6 3. g3 c6 4. Bg2 Bc5 5. d3 d5 6. exd5 cxd5 7. h3 O-O 8. Nf3
e4 9. dxe4 d4 10. Ne2 Nxe4 11. O-O Nc6 12. Nf4 d3 13. Nxd3 Bb6 14. Kh2 Bf5 15.
Nh4 Nd6 16. Nxf5 Nxf5 17. c3 Re8 18. Qc2 Rc8 19. Nf4 Nfe7 20. Qa4 Qd6 21. Qb5
Ng6 22. Nxg6 Qxg6 23. Bf4 Qc2 24. Rac1 Qg6 25. Rcd1 h6 26. Qd3 Qh5 27. Bf3 Qa5
28. a3 Rcd8 29. Qc2 Rxd1 30. Bxd1 Qb5 31. Kg2 Qc5 32. Be3 Qa5 33. Bxb6 Qxb6 34.
Bf3 Qb5 35. Rd1 Ne5 36. Be4 Nc4 37. Rb1 Nd6 38. Bf3 Rd8 39. b3 Qg5 40. Rd1 Qf6
41. c4 Rc8 42. c5 b6 43. Qd3 Ne8 44. c6 Qe7 45. Qc4 Nd6 46. Qb4 Nf5 47. Qf4 Qg5
48. Qc4 b5 49. Qc3 Nh4+ 50. Kf1 Nxf3 51. Qxf3 Qc5 52. b4 Qc4+ 53. Rd3 Rxc6 54.
Kg2 1/2-1/2

[Event "Offene Hessische Senioren Einzelmeisters"]
[Site "Bad Sooden- Allendorf"]
[Date "2011.05.08"]
[Round "9.77"]
[White "Ludwig, Richard"]
[Black "Gelzinnus, Siegfried"]
[Result "1-0"]
[WhiteElo "1716"]
[BlackElo "1821"]
[PlyCount "39"]
[EventDate "2011.??.??"]

1. e4 c6 2. d4 d5 3. Nc3 dxe4 4. Nxe4 Nd7 5. Be3 Ndf6 6. Nxf6+ Nxf6 7. Nf3 Bg4
8. h3 Bh5 9. Be2 e6 10. Ne5 Bxe2 11. Qxe2 Bd6 12. Rd1 O-O 13. Bg5 Be7 14. O-O
h6 15. Bf4 Qa5 16. a3 Rfd8 17. Rd3 Nd7 18. Rfd1 Qc7 19. Nxf7 Kxf7 20. Bxc7 1-0

[Event "Offene Hessische Senioren Einzelmeisters"]
[Site "Bad Sooden- Allendorf"]
[Date "2011.05.08"]
[Round "9.78"]
[White "van Vorselen, Theo"]
[Black "Klose, Hans-Peter"]
[Result "1-0"]
[WhiteElo "1858"]
[BlackElo "1729"]
[PlyCount "55"]
[EventDate "2011.??.??"]

1. e4 c5 2. Nf3 Nc6 3. Nc3 d6 4. d4 cxd4 5. Nxd4 Nf6 6. Be2 g6 7. Be3 Bg7 8.
O-O O-O 9. Nb3 Bd7 10. f4 Bh6 11. g4 Bg7 12. g5 Nxe4 13. Nxe4 Bxb2 14. Rb1 Ba3
15. Nc3 Rc8 16. Nd5 Bf5 17. Bd3 Bxd3 18. Qxd3 Nb4 19. Nxb4 Bxb4 20. c4 b6 21.
Rb2 Qd7 22. Rc2 Rc7 23. f5 Bc5 24. Bxc5 bxc5 25. f6 e6 26. Qh3 Kh8 27. Qh6 Rg8
28. Rf4 1-0

[Event "Offene Hessische Senioren Einzelmeisters"]
[Site "Bad Sooden- Allendorf"]
[Date "2011.05.08"]
[Round "9.79"]
[White "Schumacher, Ursula"]
[Black "Narr, Irmgard"]
[Result "0-1"]
[WhiteElo "1667"]
[BlackElo "1780"]
[PlyCount "62"]
[EventDate "2011.??.??"]

1. c4 Nf6 2. Nc3 b6 3. Nf3 Bb7 4. e3 e6 5. g3 d6 6. Bg2 Be7 7. O-O Nbd7 8. d4
c5 9. d5 exd5 10. cxd5 O-O 11. e4 Re8 12. Re1 a6 13. Rb1 b5 14. b3 Ne5 15. Nxe5
dxe5 16. a4 b4 17. Na2 a5 18. Be3 Rc8 19. Rc1 Ba6 20. Bg5 Nxd5 21. Bxe7 Nxe7
22. Rc2 Qc7 23. Qc1 Ng6 24. Bf1 Bxf1 25. Kxf1 Nf8 26. Rc4 Ne6 27. Qe3 Nd4 28.
Nc1 Qd7 29. Kg2 Re6 30. Ne2 Rh6 31. h3 Qxh3+ 0-1

[Event "Offene Hessische Senioren Einzelmeisters"]
[Site "Bad Sooden- Allendorf"]
[Date "2011.05.08"]
[Round "9.80"]
[White "Donner, Ernst"]
[Black "Schiller, Hans"]
[Result "0-1"]
[WhiteElo "1648"]
[BlackElo "1856"]
[PlyCount "63"]
[EventDate "2011.??.??"]

1. Nf3 c5 2. c3 d5 3. g3 e6 4. Bg2 Nf6 5. d3 Be7 6. O-O O-O 7. Bg5 h6 8. Bxf6
Bxf6 9. Nbd2 Nc6 10. Qc2 Bd7 11. a3 Rc8 12. Rab1 Qc7 13. Rfe1 g6 14. Qc1 Kh7
15. e3 b5 16. Qd1 Qd8 17. d4 cxd4 18. exd4 Qc7 19. Re2 a5 20. b4 e5 21. dxe5
Nxe5 22. Nxe5 Bxe5 23. Bxd5 Bxc3 24. Rc1 axb4 25. axb4 Qd6 26. Ne4 Qxb4 27.
Nf6+ Bxf6 28. Rxc8 Bxc8 29. Re4 Qc5 30. Rf4 Kg7 31. Qf3 Bh3 32. Qe3 0-1

[Event "Offene Hessische Senioren Einzelmeisters"]
[Site "Bad Sooden- Allendorf"]
[Date "2011.05.08"]
[Round "9.81"]
[White "van Houten, Henk"]
[Black "Wolff, Heinz"]
[Result "1/2-1/2"]
[WhiteElo "1839"]
[BlackElo "1613"]
[PlyCount "48"]
[EventDate "2011.??.??"]

1. b3 d5 2. Bb2 e6 3. a3 Nf6 4. e3 c5 5. c4 Nc6 6. cxd5 exd5 7. d4 cxd4 8. Bxd4
Nxd4 9. Qxd4 Qc7 10. Bb5+ Bd7 11. Bxd7+ Qxd7 12. Nc3 b6 13. Nge2 Be7 14. O-O
O-O 15. Rfd1 Rfd8 16. b4 Rac8 17. Rac1 Rc4 18. Qxc4 dxc4 19. Rxd7 Rxd7 20. Nd4
Kf8 21. g3 a6 22. Kg2 b5 23. Kf3 Nd5 24. Nxd5 Rxd5 1/2-1/2

[Event "Offene Hessische Senioren Einzelmeisters"]
[Site "Bad Sooden- Allendorf"]
[Date "2011.05.08"]
[Round "9.82"]
[White "Hopp, Dr. Barbara"]
[Black "Ludwig, Siegfried"]
[Result "0-1"]
[WhiteElo "1799"]
[BlackElo "1630"]
[PlyCount "94"]
[EventDate "2011.??.??"]

1. d4 d5 2. e4 dxe4 3. Nc3 Nf6 4. f3 Nc6 5. Bb5 Bd7 6. Be3 e6 7. Nxe4 Nd5 8.
Bd2 Nxd4 9. Bxd7+ Qxd7 10. c3 Nf5 11. Qe2 Be7 12. O-O-O O-O 13. Nh3 h6 14. f4
Qc6 15. g4 Nd4 16. Qd3 Nb5 17. Kb1 Rfd8 18. Qc2 Qb6 19. Ka1 Nf6 20. Nxf6+ Bxf6
21. g5 hxg5 22. Nxg5 Bxg5 23. fxg5 e5 24. Rhe1 Re8 25. h4 Qg6 26. Qc1 f5 27. h5
Qe6 28. h6 g6 29. Bf4 e4 30. Qe3 Kh7 31. Rh1 Rad8 32. Rd2 b6 33. Rhd1 Rxd2 34.
Rxd2 Nd6 35. Qd4 Re7 36. b3 Rd7 37. Kb2 c5 38. Qe3 a5 39. Kc2 a4 40. Kb2 Nb5
41. bxa4 Nd6 42. Kb1 Nc4 43. Rxd7+ Qxd7 44. Qc1 Qd3+ 45. Ka1 e3 46. a3 e2 47.
Ka2 Qd1 0-1

[Event "Offene Hessische Senioren Einzelmeisters"]
[Site "Bad Sooden- Allendorf"]
[Date "2011.05.08"]
[Round "9.83"]
[White "Wauer, Klaus"]
[Black "Hampe, Werner"]
[Result "1/2-1/2"]
[WhiteElo "1835"]
[BlackElo "1834"]
[PlyCount "45"]
[EventDate "2011.??.??"]

1. e4 c5 2. Nf3 Nc6 3. d4 cxd4 4. Nxd4 e5 5. Nf3 Nf6 6. Bg5 Be7 7. Bxf6 Bxf6 8.
Nc3 O-O 9. Bc4 g6 10. Nd5 Bg7 11. Qd2 a6 12. a4 Rb8 13. Bb3 Ne7 14. c4 Nxd5 15.
cxd5 d6 16. O-O Bd7 17. Bc2 b5 18. Qb4 Be8 19. a5 Rc8 20. Bd3 Qe7 21. Rac1 Bd7
22. Rc3 Rxc3 23. bxc3 1/2-1/2

[Event "Offene Hessische Senioren Einzelmeisters"]
[Site "Bad Sooden- Allendorf"]
[Date "2011.05.08"]
[Round "9.84"]
[White "Schneidereit, Manfred"]
[Black "Geibel, Henning"]
[Result "1-0"]
[WhiteElo "1822"]
[BlackElo "1536"]
[PlyCount "125"]
[EventDate "2011.??.??"]

1. e4 e5 2. Bc4 Bb4 3. Nf3 d6 4. h3 Nf6 5. a3 Bc5 6. b4 Bb6 7. d3 O-O 8. O-O h6
9. Bb2 Nc6 10. Nc3 a5 11. b5 Ne7 12. a4 c6 13. Ba3 cxb5 14. Nxb5 Bc7 15. Ba2
Nc6 16. c3 Bb6 17. Bxd6 Re8 18. Nd2 Na7 19. Nc4 Nxb5 20. axb5 Bc7 21. Bxc7 Qxc7
22. Bb3 Rd8 23. Qe2 Nd7 24. d4 exd4 25. cxd4 Nf6 26. d5 Qc5 27. Rxa5 Rxa5 28.
Nxa5 Qb4 29. e5 Nxd5 30. Ra1 Nc3 $11 31. Qc4 Qxc4 32. Bxc4 Rd4 33. Rc1 Rxc4 34.
Kf1 Ra4 35. Rxc3 Ra1+ 36. Ke2 Bd7 37. Nxb7 Bxb5+ 38. Ke3 Re1+ 39. Kf4 Rb1 40.
Nd6 Bf1 41. Kg3 Re1 42. Rc5 Rd1 43. Rc8+ Kh7 44. Nxf7 Rd3+ 45. f3 Rd7 46. e6
Re7 47. Rc6 Bb5 48. Rd6 Bc4 49. Nd8 Kg6 50. Kf4 Kf6 51. g4 Bxe6 52. Nxe6 Rxe6
53. Rxe6+ Kxe6 54. h4 Kf6 55. Ke4 g6 56. f4 g5 57. h5 gxf4 58. Kxf4 Kg7 59. Kf5
Kf7 60. Ke5 Kg7 61. Ke6 Kh7 62. Kf7 Kh8 63. Kg6 1-0

[Event "Offene Hessische Senioren Einzelmeisters"]
[Site "Bad Sooden- Allendorf"]
[Date "2011.05.08"]
[Round "9.85"]
[White "Graffenberger, Marianne"]
[Black "Schneider, Hans"]
[Result "1/2-1/2"]
[WhiteElo "1483"]
[BlackElo "1793"]
[PlyCount "32"]
[EventDate "2011.??.??"]

1. e4 c5 2. Nf3 Nc6 3. Nc3 g6 4. Be2 Bg7 5. O-O Nd4 6. Re1 e6 7. Nb5 Nxb5 8.
Bxb5 a6 9. Be2 Ne7 10. c3 O-O 11. d4 cxd4 12. Nxd4 Nc6 13. Be3 d6 14. Bf3 Qd7
15. Qd2 Ne5 16. Bh6 b5 1/2-1/2

[Event "Offene Hessische Senioren Einzelmeisters"]
[Site "Bad Sooden- Allendorf"]
[Date "2011.05.08"]
[Round "9.86"]
[White "Alefs, Willi"]
[Black "Helm, Irmgard"]
[Result "1-0"]
[WhiteElo "1907"]
[BlackElo "1714"]
[PlyCount "147"]
[EventDate "2011.??.??"]

1. c4 c5 2. Nc3 Nc6 3. g3 Nf6 4. Bg2 e6 5. d3 Be7 6. Nf3 O-O 7. b3 d5 8. e3 Qa5
9. Bd2 Qd8 10. O-O a6 11. a3 d4 12. Ne2 dxe3 13. Bxe3 Ng4 14. Bc1 Bf6 15. Ra2
h5 16. Nf4 g6 17. h3 Nge5 18. Be3 Nxf3+ 19. Bxf3 Bd4 20. Kh2 Qf6 21. Rg1 Bd7
22. Be4 e5 23. Nd5 Qe6 24. g4 Rac8 25. Qf3 f5 26. gxf5 Rxf5 27. Bxf5 Qxf5 28.
Qxf5 Bxf5 29. Rd2 Kf7 30. b4 cxb4 31. axb4 Rd8 32. Rb1 b5 33. Bg5 Rd6 34. cxb5
axb5 35. Nc7 Na7 36. Rc1 Bb6 37. Na8 Bd8 38. Bxd8 Rxd8 39. Rc7+ Rd7 40. Rxd7+
Bxd7 41. Rc2 Nc6 42. Rc5 Nxb4 43. Rxe5 Nxd3 44. Rd5 Bc6 45. Rxd3 Bxa8 46. Rc3
Ke6 47. Rc5 b4 48. Rb5 Be4 49. Rxb4 Kf5 50. Kg3 g5 51. Rb5+ Kf6 52. f3 Bf5 53.
Rb8 h4+ 54. Kg2 Kg7 55. Rb4 Kh6 56. f4 gxf4 57. Rxf4 Kg5 58. Rd4 Be6 59. Re4
Bf5 60. Re8 Bg6 61. Rg8 Kh6 62. Rf8 Be4+ 63. Kf2 Kg5 64. Rg8+ Bg6 65. Kf3 Kf5
66. Rf8+ Kg5 67. Ke3 Bf5 68. Rg8+ Bg6 69. Kd4 Kf6 70. Rh8 Kg5 71. Ke5 Bd3 72.
Rg8+ Bg6 73. Rf8 Bc2 74. Rf4 1-0

[Event "Offene Hessische Senioren Einzelmeisters"]
[Site "Bad Sooden- Allendorf"]
[Date "2011.05.08"]
[Round "9.87"]
[White "Auerswald, Dr. Gottfried"]
[Black "Graffenberger, Wilhelm"]
[Result "1/2-1/2"]
[WhiteElo "1703"]
[BlackElo "1762"]
[PlyCount "37"]
[EventDate "2011.??.??"]

1. e4 c5 2. Nc3 Nc6 3. Bb5 a6 4. Bxc6 bxc6 5. f4 d6 6. Nf3 g6 7. d3 Bg7 8. O-O
a5 9. Qe1 Ba6 10. Bd2 Bb5 11. a4 Ba6 12. Rb1 e6 13. b3 Ne7 14. Ne2 Bb7 15. Bc3
Bxc3 16. Qxc3 O-O 17. Qf6 Nc8 18. Qxd8 Rxd8 19. Rbd1 1/2-1/2

[Event "Offene Hessische Senioren Einzelmeisters"]
[Site "Bad Sooden- Allendorf"]
[Date "2011.05.08"]
[Round "9.88"]
[White "Grüneschild, Hildegard"]
[Black "Zoll, Theo"]
[Result "0-1"]
[WhiteElo "1634"]
[BlackElo "1753"]
[PlyCount "78"]
[EventDate "2011.??.??"]

1. c4 c6 2. Nc3 Nf6 3. d4 d5 4. cxd5 cxd5 5. g3 Bf5 6. Bg2 e6 7. Nf3 h6 8. Qa4+
Nbd7 9. Ne5 a6 10. Nxd7 Qxd7 11. Qxd7+ Kxd7 12. O-O b5 13. Bf4 Be7 14. Rac1
Rhc8 15. Be5 g5 16. a3 Ra7 17. Bxf6 Bxf6 18. e3 Rac7 19. Rfd1 Ke8 20. Re1 Be7
21. Ne2 Bd3 22. Rxc7 Rxc7 23. Nc1 Bg6 24. Bf1 Rc2 25. b4 Rc3 26. a4 bxa4 27.
Bxa6 Kd8 28. Na2 Ra3 29. Re2 Bb1 30. Nc1 Rc3 31. Re1 Bxb4 32. Rf1 a3 33. Ne2
Rb3 34. Rc1 a2 35. Rc8+ Ke7 36. Rc7+ Kf6 37. Bb5 a1=Q 38. Ba6 Rc3 39. Rxc3 Be4+
0-1

[Event "Offene Hessische Senioren Einzelmeisters"]
[Site "Bad Sooden- Allendorf"]
[Date "2011.05.08"]
[Round "9.89"]
[White "Henniges, Erhard"]
[Black "Bangert, Rüdiger"]
[Result "1/2-1/2"]
[WhiteElo "1682"]
[BlackElo "1684"]
[PlyCount "68"]
[EventDate "2011.??.??"]

1. c4 d6 2. Nc3 Nf6 3. g3 g6 4. d4 Bg7 5. Bg2 O-O 6. Nf3 Bg4 7. O-O Nbd7 8. Re1
c6 9. h3 Bxf3 10. Bxf3 e5 11. d5 cxd5 12. cxd5 Nb6 13. e4 Qc8 14. Kh2 Nfd7 15.
Bg4 f5 16. exf5 gxf5 17. Bh5 Nf6 18. f4 $11 e4 19. g4 Nxh5 20. gxh5 Rf6 21. Be3
Rh6 22. Rg1 $11 Kf7 23. Bd4 Bxd4 24. Qxd4 Qf8 25. Rg5 Qh8 26. Qxh8 Rxh8 27.
Rag1 Nd7 28. Rg7+ Ke8 29. R1g5 Rf6 30. Nb5 a6 31. Nc7+ Kd8 32. Ne6+ Ke8 33.
Nc7+ Kd8 34. Ne6+ Ke8 1/2-1/2

[Event "Offene Hessische Senioren Einzelmeisters"]
[Site "Bad Sooden- Allendorf"]
[Date "2011.05.08"]
[Round "9.90"]
[White "Borkenhagen, Bernd"]
[Black "Hespers, Rolf"]
[Result "1/2-1/2"]
[WhiteElo "1724"]
[BlackElo "1784"]
[PlyCount "28"]
[EventDate "2011.??.??"]

1. c4 Nf6 2. Nc3 e6 3. d4 Bb4 4. Bg5 h6 5. Bxf6 Qxf6 6. e3 b6 7. Qf3 Qxf3 8.
Nxf3 Bb7 9. Be2 O-O 10. O-O Bxc3 11. bxc3 d6 12. Nd2 Nd7 13. Bf3 Bxf3 14. Nxf3
Rad8 1/2-1/2

[Event "Offene Hessische Senioren Einzelmeisters"]
[Site "Bad Sooden- Allendorf"]
[Date "2011.05.08"]
[Round "9.91"]
[White "Knobling, Rolf"]
[Black "Mittelstaedt, Ewald"]
[Result "0-1"]
[WhiteElo "1636"]
[BlackElo "1684"]
[PlyCount "76"]
[EventDate "2011.??.??"]

1. e4 e6 2. d4 d6 3. Nc3 Nf6 4. f4 Be7 5. Nf3 b6 6. Bd3 Bb7 7. O-O d5 8. e5 Ne4
9. Bxe4 dxe4 10. Ne1 c5 11. Be3 O-O 12. dxc5 Bxc5 13. Bxc5 bxc5 14. Qe2 Ba6 15.
Qxe4 Qd4+ 16. Qxd4 cxd4 17. Ne4 Bxf1 18. Kxf1 Nc6 19. Nd6 Rab8 20. b3 Rfd8 21.
Rd1 f6 22. Nc4 fxe5 23. fxe5 Rd5 24. Nf3 Rf8 25. Ke2 Rfd8 26. a3 d3+ 27. cxd3
Nd4+ 28. Nxd4 Rxd4 29. Nd6 Rb8 30. Ke3 Rd5 31. b4 a5 32. Rc1 Rxe5+ 33. Kf4 Rd5
34. Rc8+ Rxc8 35. Nxc8 Rxd3 36. b5 Rxa3 37. b6 Rb3 38. Nd6 Rxb6 0-1

[Event "Offene Hessische Senioren Einzelmeisters"]
[Site "Bad Sooden- Allendorf"]
[Date "2011.05.08"]
[Round "9.92"]
[White "Neumann, Dr. Peter"]
[Black "Fritsche, Rainer"]
[Result "1/2-1/2"]
[WhiteElo "1888"]
[BlackElo "1657"]
[PlyCount "50"]
[EventDate "2011.??.??"]

1. d4 d5 2. c4 c6 3. cxd5 cxd5 4. Nc3 Nf6 5. Nf3 g6 6. Bg5 e6 7. a3 Bg7 8. h3
a6 9. e3 Nc6 10. Bd3 O-O 11. O-O Ne7 12. Qd2 h6 13. Bf4 Nc6 14. Rac1 Re8 15.
Bc2 Nh5 16. Bh2 Nf6 17. Ne1 Qb6 18. Bd1 Bd7 19. Kh1 Rac8 20. Na4 Qd8 21. Nc5
Qb6 22. Nf3 Qa7 23. Re1 b6 24. Nd3 Ne4 25. Qe2 Kh7 1/2-1/2